| 000 | 00390nam a2200157Ia 4500 | ||
|---|---|---|---|
| 008 | 230917s9999||||xx |||||||||||||| ||und|| | ||
| 040 |
_e215634 _aMAIN |
||
| 041 | _aEnglish | ||
| 082 | _a589.3 K96I(2) | ||
| 100 | _aKumar, H D | ||
| 245 | 0 | _aIntroductory phycology | |
| 250 | _a2nd ed. | ||
| 260 |
_aNew Delhi _bAffiliated East-West Press _c2011 |
||
| 300 | _avii, 651 p. | ||
| 942 | _cBK | ||
| 999 |
_c166400 _d166400 |
||